| 000 | 00415nam a22001577a 4500 | ||
|---|---|---|---|
| 020 | _a9875071366 | ||
| 080 | _a342.4 (822.2) C 626 | ||
| 245 | _aConstituciòn de la Provincia de Corrientes | ||
| 260 |
_aBuenos Aires _bCiudad Argentina _c1999 |
||
| 300 | _a62 P. | ||
| 490 | _aConstituciones Provinciales Argentinas | ||
| 650 | _xConstitucion | ||
| 650 | _xCorrientes | ||
| 942 | _6_ | ||
| 945 |
_acd _d2015-05-22 |
||
| 999 |
_c3922 _d234426 |
||